15 Grootste steden van België op de kaart - Statistieken

Algemene statistieken
  • Deze quiz is 39 keer genomen
  • De gemiddelde score is 12 van 15
Antwoorden op de kaart
Antwoorden kleurgecodeerd door een groen-rode schaal op de quizkaart volgens % correct hieronder.
 
Antwoordstatistieken
Regio Stad Bevolking % Correct
Vlaanderen Antwerpen 560k
100%
Vlaanderen Brugge 120k
100%
Brussels Hoofdstedelijk Gewest Brussel 200k
100%
Wallonië Luik 195k
100%
Vlaanderen Gent 270k
94%
Vlaanderen Hasselt 90k
91%
Vlaanderen Leuven 105k
91%
Wallonië Namen 115k
91%
Wallonië Bergen 95k
88%
Wallonië Charleroi 205k
85%
Vlaanderen Mechelen 90k
76%
Brussels Hoofdstedelijk Gewest Anderlecht 125k
67%
Vlaanderen Aalst 90k
55%
Brussels Hoofdstedelijk Gewest Sint-Jans-Molenbeek 100k
48%
Brussels Hoofdstedelijk Gewest Schaerbeek 130k
27%
Geen overeenkomende quizzen gevonden
Scoreverdeling
Procent van Mensen met Elke Score
Percentiel versus Aantal Correcte Antwoorden
Uw Scoregeschiedenis
U heeft deze quiz nog niet genomen